[Event "OP-2014-0-03474"]
[Site "LSS email"]
[Date "2014.08.20"]
[Round "?"]
[White "Schalkwijk, Peter H"]
[Black "Kulakiewicz, Mariusz"]
[Result "0-1"]
[WhiteElo "1510"]
[BlackElo "1912"]
[PlyCount "52"]
[EventDate "2014.08.14"]
[EventType "tourn (corr)"]
[EventRounds "4"]
[EventCountry "GER"]
[SourceTitle "Corr 2015"]
[Source "ChessBase"]
[SourceDate "2015.07.17"]
[SourceVersion "1"]
[SourceVersionDate "2015.07.17"]
[SourceQuality "1"]

1. e4 e5 2. Nf3 Nf6 3. d4 Nxe4 4. Bd3 d5 5. Nxe5 Nd7 6. Nxd7 Bxd7 7. 0-0 Bd6 8. c4 c6 9. cxd5 cxd5 10. Nc3 Nxc3 11. bxc3 0-0 12. Qh5 f5 13. Qf3 Qa5 14. Bd2 Rae8 15. Rfb1 Bc6 16. Rb2 Qd8 17. Qh3 g6 18. a4 Rf7 19. a5 a6 20. Qh6 f4 21. Qh3 Bc7 22. Rba2 f3 23. g3 Bd7 24. Qf1 Qc8 25. c4 Bxg3 26. hxg3 Bh3 0-1

[Event "OP-2014-0-03470"]
[Site "LSS email"]
[Date "2014.08.15"]
[Round "?"]
[White "Schalkwijk, Peter H"]
[Black "Plummer, Martin"]
[Result "1-0"]
[WhiteElo "1510"]
[BlackElo "956"]
[PlyCount "43"]
[EventDate "2014.08.11"]
[EventType "tourn (corr)"]
[EventRounds "4"]
[EventCountry "GER"]
[SourceTitle "Corr 2015"]
[Source "ChessBase"]
[SourceDate "2015.07.17"]
[SourceVersion "1"]
[SourceVersionDate "2015.07.17"]
[SourceQuality "1"]

1. d4 Nf6 2. Nf3 e6 3. c4 b6 4. g3 Bb7 5. Bg2 c5 6. 0-0 Nc6 7. Nc3 cxd4 8. Nxd4 Bc5 9. Ndb5 0-0 10. Nd6 Qc7 11. Bf4 e5 12. Bxe5 Nxe5 13. Ncb5 Qb8 14. Nxb7 Nxc4 15. Nxc5 bxc5 16. Bxa8 Qxb5 17. Qb3 Qxb3 18. axb3 Nd2 19. Rfd1 Nxb3 20. Rxa7 Rd8 21. Bc6 d6 22. Rxd6 1-0

[Event "OP-2014-0-03470"]
[Site "LSS email"]
[Date "2014.08.15"]
[Round "?"]
[White "Van Esbroeck, Jeff"]
[Black "Schalkwijk, Peter H"]
[Result "0-1"]
[WhiteElo "569"]
[BlackElo "1510"]
[PlyCount "52"]
[EventDate "2014.08.11"]
[EventType "tourn (corr)"]
[EventRounds "4"]
[EventCountry "GER"]
[SourceTitle "Corr 2015"]
[Source "ChessBase"]
[SourceDate "2015.07.17"]
[SourceVersion "1"]
[SourceVersionDate "2015.07.17"]
[SourceQuality "1"]

1. e4 c5 2. Nf3 Nf6 3. d3 d5 4. Nc3 d4 5. Ne2 Nc6 6. c3 e5 7. Qa4 Bd7 8. Qb3 c4 9. Qc2 Bg4 10. Ng3 cxd3 11. Qxd3 Bc5 12. Be2 0-0 13. 0-0 dxc3 14. Qxc3 Qb6 15. Be3 Bxe3 16. Qxe3 Rfd8 17. Nh4 Qxe3 18. fxe3 Bxe2 19. Nxe2 Nxe4 20. Ng3 Nxg3 21. hxg3 Rd3 22. Nf5 Rad8 23. b3 g6 24. Nh6+ Kg7 25. Ng4 f5 26. Nf2 Rxe3 0-1

[Event "OP-2014-0-03424"]
[Site "LSS email"]
[Date "2014.06.23"]
[Round "?"]
[White "Vontina, Maria"]
[Black "Schalkwijk, Peter H"]
[Result "0-1"]
[WhiteElo "670"]
[BlackElo "1510"]
[PlyCount "68"]
[EventDate "2014.06.16"]
[EventType "tourn (corr)"]
[EventRounds "4"]
[EventCountry "GER"]
[SourceTitle "Corr 2015"]
[Source "ChessBase"]
[SourceDate "2015.07.17"]
[SourceVersion "1"]
[SourceVersionDate "2015.07.17"]
[SourceQuality "1"]

1. e4 d6 2. d4 Nf6 3. f3 e5 4. d5 c6 5. dxc6 bxc6 6. Bg5 Be7 7. Ne2 0-0 8. Nec3 Be6 9. Nd2 d5 10. exd5 cxd5 11. Be2 Nc6 12. 0-0 Qb6+ 13. Kh1 Qxb2 14. Na4 Qa3 15. Bb5 Rac8 16. c4 d4 17. Qb3 Na5 18. Qxa3 Bxa3 19. Bxf6 gxf6 20. Rab1 Nxc4 21. Nxc4 Bxc4 22. Bxc4 Rxc4 23. Nb2 Rc2 24. Nd3 Rfc8 25. h4 Rxa2 26. Rb7 a5 27. Rb3 a4 28. Rbb1 Rc3 29. Ne1 Bb2 30. Rf2 a3 31. Rd2 Ra1 32. Rdd1 Rxb1 33. Rxb1 Rc1 34. Rxc1 Bxc1 0-1

[Event "ZI-2014-0-01824"]
[Site "LSS email"]
[Date "2014.06.07"]
[Round "?"]
[White "Van Bommel, Ton"]
[Black "Schalkwijk, Peter H"]
[Result "1-0"]
[WhiteElo "1841"]
[BlackElo "1510"]
[PlyCount "53"]
[EventDate "2014.05.25"]
[EventType "match (corr)"]
[EventRounds "2"]
[EventCountry "GER"]
[SourceTitle "Corr 2015"]
[Source "ChessBase"]
[SourceDate "2015.07.17"]
[SourceVersion "1"]
[SourceVersionDate "2015.07.17"]
[SourceQuality "1"]

1. e4 c5 2. Nc3 Nc6 3. Bb5 Nd4 4. Bc4 Nf6 5. Nf3 e6 6. 0-0 Qc7 7. h3 a6 8. d3 Nxf3+ 9. Qxf3 b5 10. Bf4 Qc6 11. Bd5 exd5 12. exd5 Qb6 13. Rfe1+ Kd8 14. a4 Bd6 15. a5 Qb8 16. Bg5 Bb7 17. Ne4 Kc8 18. Nxf6 gxf6 19. Qxf6 Rf8 20. c4 Qc7 21. b4 bxc4 22. bxc5 Bxc5 23. Bf4 Qd8 24. Qf5 Rg8 25. Ra4 f6 26. d4 Bxd4 27. Rxc4+ 1-0

[Event "RD-2014-0-00103"]
[Site "LSS email"]
[Date "2014.05.17"]
[Round "?"]
[White "Schalkwijk, Peter H"]
[Black "Vio, Mauro"]
[Result "1-0"]
[WhiteElo "1510"]
[BlackElo "1414"]
[PlyCount "79"]
[EventDate "2014.02.19"]
[EventType "tourn (corr)"]
[EventRounds "6"]
[EventCountry "GER"]
[SourceTitle "Corr 2015"]
[Source "ChessBase"]
[SourceDate "2015.07.17"]
[SourceVersion "1"]
[SourceVersionDate "2015.07.17"]
[SourceQuality "1"]

1. e4 e5 2. Nf3 Nc6 3. Bc4 Nf6 4. d4 exd4 5. e5 d5 6. Bb5 Ne4 7. Nxd4 Bd7 8. Bxc6 bxc6 9. 0-0 Be7 10. f3 Nc5 11. Nc3 0-0 12. Be3 f6 13. exf6 Rxf6 14. Bg5 Rg6 15. Bxe7 Qxe7 16. Qd2 Ne6 17. Rae1 Qb4 18. Nxe6 Bxe6 19. b3 Rf8 20. Rf2 Qh4 21. Na4 Rh6 22. g3 Qf6 23. Qa5 Bh3 24. Qxa7 Qf7 25. Nc5 Rf6 26. f4 Bf5 27. Nd3 Bxd3 28. cxd3 h5 29. Re5 h4 30. Qe3 Qg6 31. Rg5 hxg3 32. Qxg3 Qh6 33. a4 R6f7 34. Rg2 Qf6 35. Kh1 Rb8 36. Rg1 Qd4 37. a5 Rxb3 38. Qg4 Qf6 39. Qh3 Re7 40. a6 1-0

[Event "RD-2014-0-00103"]
[Site "LSS email"]
[Date "2014.05.15"]
[Round "?"]
[White "Schalkwijk, Peter H"]
[Black "Goreczny, Grzegorz"]
[Result "0-1"]
[WhiteElo "1510"]
[BlackElo "1714"]
[PlyCount "62"]
[EventDate "2014.02.19"]
[EventType "tourn (corr)"]
[EventRounds "6"]
[EventCountry "GER"]
[SourceTitle "Corr 2015"]
[Source "ChessBase"]
[SourceDate "2015.07.17"]
[SourceVersion "1"]
[SourceVersionDate "2015.07.17"]
[SourceQuality "1"]

1. e4 e5 2. f4 exf4 3. Nf3 Be7 4. Nc3 Bh4+ 5. Ke2 d5 6. Nxd5 Nf6 7. Nxf6+ Bxf6 8. d4 0-0 9. Bxf4 g5 10. Bg3 g4 11. Ne5 c5 12. dxc5 Qa5 13. Qd5 Be6 14. Qxb7 Qxc5 15. Nd3 Qxc2+ 16. Ke1 Bg5 17. Rd1 Nc6 18. Qb5 Be3 19. Bf2 Rab8 20. Qh5 Bxf2+ 21. Nxf2 f6 22. Qh6 Qxb2 23. h3 g3 24. Nd3 Qxa2 25. Qf4 Qa5+ 26. Qd2 Nb4 27. Nxb4 Rxb4 28. Be2 Qc5 29. Qf4 Rb3 30. Rf1 Qb4+ 31. Qd2 Qxe4 0-1

[Event "SD-2014-0-00192"]
[Site "LSS email"]
[Date "2014.05.06"]
[Round "?"]
[White "Schalkwijk, Peter H"]
[Black "Wilshusen, Horst"]
[Result "1-0"]
[WhiteElo "1510"]
[BlackElo "1296"]
[PlyCount "51"]
[EventDate "2014.02.14"]
[EventType "tourn (corr)"]
[EventRounds "6"]
[EventCountry "GER"]
[SourceTitle "Corr 2015"]
[Source "ChessBase"]
[SourceDate "2015.07.17"]
[SourceVersion "1"]
[SourceVersionDate "2015.07.17"]
[SourceQuality "1"]

1. e4 c6 2. d4 d5 3. Nc3 dxe4 4. Nxe4 Bf5 5. Ng3 Bg6 6. h4 h6 7. Nh3 Bh7 8. Nf4 e6 9. Bc4 Na6 10. c3 Nc7 11. Qb3 Be7 12. Qxb7 Qd7 13. Ngh5 Bf6 14. Be2 Be4 15. Bd3 Bxd3 16. Nxd3 Ne7 17. Bf4 Ned5 18. Nc5 Qc8 19. Qxc6+ Kf8 20. Bxc7 Nxc7 21. Nd7+ Ke7 22. Ndxf6 gxf6 23. Qc5+ Kd8 24. Nxf6 Qa6 25. Qe5 Rb8 26. Nd5 1-0

[Event "ZI-2014-0-01810"]
[Site "LSS email"]
[Date "2014.04.29"]
[Round "?"]
[White "Sandocal, Uzmir"]
[Black "Schalkwijk, Peter H"]
[Result "1/2-1/2"]
[WhiteElo "1652"]
[BlackElo "1510"]
[PlyCount "48"]
[EventDate "2014.04.24"]
[EventType "match (corr)"]
[EventRounds "2"]
[EventCountry "GER"]
[SourceTitle "Corr 2015"]
[Source "ChessBase"]
[SourceDate "2015.07.17"]
[SourceVersion "1"]
[SourceVersionDate "2015.07.17"]
[SourceQuality "1"]

1. b3 c5 2. e3 Nf6 3. Bb2 e6 4. Be2 Be7 5. c4 0-0 6. Nf3 d5 7. cxd5 Nxd5 8. Nc3 b6 9. d4 Nxc3 10. Bxc3 Bf6 11. 0-0 Bb7 12. Rc1 Na6 13. dxc5 Nxc5 14. b4 Ne4 15. Qxd8 Rfxd8 16. Bxf6 Nxf6 17. Rc7 Bd5 18. Ne5 a5 19. a3 Rdc8 20. Rcc1 axb4 21. axb4 Bb7 22. b5 Kf8 23. Rxc8+ Rxc8 24. Ra1 Ra8 1/2-1/2

[Event "ZI-2014-0-01807"]
[Site "LSS email"]
[Date "2014.04.28"]
[Round "?"]
[White "Hoehne, Volkmar"]
[Black "Schalkwijk, Peter H"]
[Result "0-1"]
[WhiteElo "1832"]
[BlackElo "1510"]
[PlyCount "114"]
[EventDate "2014.04.22"]
[EventType "match (corr)"]
[EventRounds "2"]
[EventCountry "GER"]
[SourceTitle "Corr 2015"]
[Source "ChessBase"]
[SourceDate "2015.07.17"]
[SourceVersion "1"]
[SourceVersionDate "2015.07.17"]
[SourceQuality "1"]

1. e4 c5 2. Nf3 Nf6 3. e5 Nd5 4. c3 e6 5. Bc4 Nc6 6. d4 cxd4 7. cxd4 d6 8. 0-0 Be7 9. Qe2 0-0 10. Nc3 Nxc3 11. bxc3 dxe5 12. dxe5 Qc7 13. Bd3 b6 14. Re1 Bb7 15. Ng5 Bxg5 16. Bxg5 Ne7 17. Qh5 Ng6 18. Re3 Qxc3 19. Rd1 Qc6 20. Bf1 h6 21. Bxh6 gxh6 22. Qxh6 Rfd8 23. Rde1 Qc5 24. Rg3 Qf8 25. Rxg6+ fxg6 26. Qxg6+ Qg7 27. Qxe6+ Kh8 28. Qh3+ Qh7 29. Qe3 Rg8 30. e6 Rg7 31. Qe5 Qh4 32. f4 Rf8 33. g3 Qh7 34. e7 Re8 35. Rd1 Bc6 36. Rd8 Qg6 37. Qd4 Qh5 38. f5 Qxf5 39. Rd6 Bb5 40. Rf6 Qxf1+ 41. Rxf1 Bxf1 42. Kxf1 Rexe7 43. h4 Ref7+ 44. Kg2 Rd7 45. Qf6 Rdf7 46. Qd8+ Kh7 47. Qd3+ Kh8 48. Kh3 Rd7 49. Qf5 Rc7 50. g4 Rc3+ 51. Kg2 Rgc7 52. Qe5+ Kg8 53. h5 Rc2+ 54. Kg3 R2c5 55. Qe6+ Kh8 56. Kh4 R5c6 57. a4 Rxe6 0-1

[Event "BI-2014-P-0002"]
[Site "LSS email"]
[Date "2014.04.19"]
[Round "?"]
[White "Rocek, Vladimir"]
[Black "Schalkwijk, Peter H"]
[Result "0-1"]
[WhiteElo "1033"]
[BlackElo "1518"]
[PlyCount "96"]
[EventDate "2014.04.25"]
[EventType "tourn (corr)"]
[EventRounds "10"]
[EventCountry "GER"]
[SourceTitle "Corr 2015"]
[Source "ChessBase"]
[SourceDate "2015.07.17"]
[SourceVersion "1"]
[SourceVersionDate "2015.07.17"]
[SourceQuality "1"]

1. e4 c5 2. c3 Nf6 3. e5 Nd5 4. d4 cxd4 5. cxd4 Nc6 6. Nc3 e6 7. Nxd5 exd5 8. Nf3 Bb4+ 9. Bd2 Bxd2+ 10. Qxd2 d6 11. Bb5 0-0 12. 0-0 Bg4 13. Be2 Qb6 14. Rad1 dxe5 15. dxe5 Rad8 16. Qf4 Bh5 17. b3 Rfe8 18. Rfe1 h6 19. Rd2 Qa5 20. Red1 Bg6 21. Bd3 Bxd3 22. Rxd3 Qxa2 23. h3 Qa5 24. Qf5 d4 25. Qf4 Nxe5 26. Nxe5 Qxe5 27. Qxe5 Rxe5 28. Rxd4 Rxd4 29. Rxd4 Rb5 30. b4 Kf8 31. Kf1 Ke7 32. Ke2 Ke6 33. Kd3 Rd5 34. Kc4 Rxd4+ 35. Kxd4 Kd6 36. b5 a6 37. Kc4 a5 38. f4 b6 39. g3 f5 40. h4 h5 41. Kd4 a4 42. Kc4 a3 43. Kb3 Kc5 44. Kxa3 Kxb5 45. Kb3 Kc5 46. Kc3 b5 47. Kb3 b4 48. Kb2 Kc4 0-1

[Event "BI-2014-P-0002"]
[Site "LSS email"]
[Date "2014.04.19"]
[Round "?"]
[White "Rusak, Alexandr Victorovic"]
[Black "Schalkwijk, Peter H"]
[Result "1/2-1/2"]
[WhiteElo "1786"]
[BlackElo "1518"]
[PlyCount "49"]
[EventDate "2014.04.25"]
[EventType "tourn (corr)"]
[EventRounds "10"]
[EventCountry "GER"]
[SourceTitle "Corr 2015"]
[Source "ChessBase"]
[SourceDate "2015.07.17"]
[SourceVersion "1"]
[SourceVersionDate "2015.07.17"]
[SourceQuality "1"]

1. e4 c5 2. Nf3 Nf6 3. e5 Nd5 4. Nc3 e6 5. Nxd5 exd5 6. d4 d6 7. Bb5+ Bd7 8. Bxd7+ Nxd7 9. 0-0 dxe5 10. Nxe5 Nxe5 11. Re1 Be7 12. Rxe5 0-0 13. dxc5 Bxc5 14. Qxd5 Bd6 15. Rh5 g6 16. Rg5 Qc7 17. g3 Be7 18. Re5 Rad8 19. Qe4 Bf6 20. Rb5 Rfe8 21. Bf4 Rxe4 22. Bxc7 Rc8 23. Bf4 Rxc2 24. Rxb7 Bd4 25. Bh6 1/2-1/2

[Event "BI-2014-P-0002"]
[Site "LSS email"]
[Date "2014.04.19"]
[Round "?"]
[White "Schalkwijk, Peter H"]
[Black "Baroin, Bernard"]
[Result "0-1"]
[WhiteElo "1518"]
[BlackElo "2038"]
[PlyCount "128"]
[EventDate "2014.04.25"]
[EventType "tourn (corr)"]
[EventRounds "10"]
[EventCountry "GER"]
[SourceTitle "Corr 2015"]
[Source "ChessBase"]
[SourceDate "2015.07.17"]
[SourceVersion "1"]
[SourceVersionDate "2015.07.17"]
[SourceQuality "1"]

1. d4 Nf6 2. c4 e6 3. Nc3 d5 4. Nf3 c6 5. e3 Be7 6. Bd3 dxc4 7. Bxc4 c5 8. 0-0 cxd4 9. Qxd4 Qxd4 10. Nxd4 0-0 11. a3 Rd8 12. Rd1 e5 13. Ndb5 Rxd1+ 14. Nxd1 Nbd7 15. Bd2 Nb6 16. Be2 a6 17. Nc7 Rb8 18. Ba5 Na4 19. Bc4 Bd7 20. Nd5 Nxd5 21. Bxd5 b6 22. Be1 Kf8 23. f3 Rc8 24. b3 Nc5 25. b4 Nd3 26. Bc3 Bb5 27. Be4 Bf6 28. g3 Ke7 29. Ra2 Rd8 30. Rd2 Ke6 31. h4 Bc4 32. Bb7 Rb8 33. Bc6 Rc8 34. Bb7 Rc7 35. Be4 Nc1 36. Rc2 Ne2+ 37. Kf2 Nxc3 38. Rxc3 Bd8 39. Ba8 b5 40. Nb2 Ba2 41. Rxc7 Bxc7 42. Nd3 a5 43. Bc6 Bc4 44. Nc5+ Kd6 45. Be4 axb4 46. axb4 Bb6 47. Nb7+ Kc7 48. g4 g6 49. g5 Kd7 50. Nc5+ Kd6 51. Nb7+ Ke6 52. Bc2 f5 53. gxf6 Kxf6 54. Nd6 Bd8 55. Nxc4 bxc4 56. Ke2 Be7 57. b5 Bd8 58. Kd2 Ke6 59. f4 Bxh4 60. b6 Bd8 61. Kc3 Bxb6 62. fxe5 Kd5 63. e6 Ba5+ 64. Kb2 Kxe6 0-1

[Event "BI-2014-P-0002"]
[Site "LSS email"]
[Date "2014.04.19"]
[Round "?"]
[White "Szabo, Vilmos"]
[Black "Schalkwijk, Peter H"]
[Result "1-0"]
[WhiteElo "2255"]
[BlackElo "1518"]
[PlyCount "57"]
[EventDate "2014.04.25"]
[EventType "tourn (corr)"]
[EventRounds "10"]
[EventCountry "GER"]
[SourceTitle "Corr 2015"]
[Source "ChessBase"]
[SourceDate "2015.07.17"]
[SourceVersion "1"]
[SourceVersionDate "2015.07.17"]
[SourceQuality "1"]

1. d4 d5 2. c4 dxc4 3. e3 e5 4. Bxc4 Nc6 5. Nf3 e4 6. Qb3 Nh6 7. Nfd2 Qg5 8. g3 Bb4 9. 0-0 0-0 10. Nxe4 Qe7 11. a3 Bh3 12. Bd3 Bxf1 13. Kxf1 Bd6 14. Qxb7 Qd7 15. Kg2 Rfb8 16. Qa6 Rb6 17. Qa4 Qg4 18. h3 Qg6 19. Nbd2 Ne7 20. Nf3 f5 21. Nc5 c6 22. e4 fxe4 23. Bxe4 Qe8 24. Qc2 Rd8 25. Ne6 Rd7 26. Bxh7+ Kh8 27. Bg5 Qh5 28. Re1 g6 29. Nf8 1-0

[Event "OP-2014-0-03343"]
[Site "LSS email"]
[Date "2014.04.10"]
[Round "?"]
[White "Schalkwijk, Peter H"]
[Black "Kramskoi, Vasyl"]
[Result "1-0"]
[WhiteElo "1530"]
[BlackElo "1059"]
[PlyCount "55"]
[EventDate "2014.03.15"]
[EventType "tourn (corr)"]
[EventRounds "4"]
[EventCountry "GER"]
[SourceTitle "Telechess CBM 167"]
[Source "ChessBase"]
[SourceDate "2015.07.13"]
[SourceVersion "1"]
[SourceVersionDate "2015.07.13"]
[SourceQuality "1"]

1. Nf3 Nf6 2. d4 e6 3. c4 b6 4. g3 Bd6 5. Bg2 Bb7 6. 0-0 0-0 7. Nc3 a5 8. a3 Ne4 9. Nb5 Be7 10. Nd2 Nd6 11. Nxd6 Bxg2 12. Nxf7 Qe8 13. Nh6+ gxh6 14. Kxg2 Ra7 15. Nf3 Qh5 16. Bf4 Bg5 17. e3 Qg6 18. Ne5 Qf5 19. Qh5 Qc2 20. Bxg5 hxg5 21. Qxg5+ Kh8 22. g4 Qxb2 23. Qh6 Kg8 24. g5 Qc2 25. g6 hxg6 26. Nxg6 Re8 27. Kh1 d6 28. Ne5 1-0

[Event "OP-2014-0-03343"]
[Site "LSS email"]
[Date "2014.04.10"]
[Round "?"]
[White "Schalkwijk, Peter H"]
[Black "Lenz, Juergen"]
[Result "1-0"]
[WhiteElo "1530"]
[BlackElo "905"]
[PlyCount "51"]
[EventDate "2014.03.15"]
[EventType "tourn (corr)"]
[EventRounds "4"]
[EventCountry "GER"]
[SourceTitle "Telechess CBM 167"]
[Source "ChessBase"]
[SourceDate "2015.07.13"]
[SourceVersion "1"]
[SourceVersionDate "2015.07.13"]
[SourceQuality "1"]

1. e4 Nf6 2. e5 Nd5 3. d4 d6 4. c4 Nb6 5. f4 g6 6. Nc3 Bg7 7. Nf3 0-0 8. Be3 dxe5 9. fxe5 c5 10. d5 Bg4 11. Qd2 Bxf3 12. gxf3 Bxe5 13. 0-0-0 N8d7 14. h4 h5 15. f4 Bg7 16. Be2 Nf6 17. f5 Kh7 18. fxg6+ fxg6 19. Rdg1 Nbd7 20. Qc2 Qe8 21. Rxg6 Qxg6 22. Bd3 Qxd3 23. Qxd3+ Kh8 24. Rg1 Ng4 25. Qg6 Ndf6 26. Ne4 1-0

[Event "ZI-2014-0-01787"]
[Site "LSS email"]
[Date "2014.04.09"]
[Round "?"]
[White "Hammerschmidt, Volker"]
[Black "Schalkwijk, Peter H"]
[Result "1-0"]
[WhiteElo "1835"]
[BlackElo "1482"]
[PlyCount "75"]
[EventDate "2014.03.31"]
[EventType "match (corr)"]
[EventRounds "2"]
[EventCountry "GER"]
[SourceTitle "Telechess CBM 167"]
[Source "ChessBase"]
[SourceDate "2015.07.13"]
[SourceVersion "1"]
[SourceVersionDate "2015.07.13"]
[SourceQuality "1"]

1. e4 c5 2. Nf3 Nf6 3. Nc3 Nc6 4. Bb5 Nd4 5. e5 Nxb5 6. Nxb5 Nd5 7. Ng5 a6 8. Qf3 f6 9. Qxd5 fxg5 10. Nc3 e6 11. Qf3 Qc7 12. Qh5+ g6 13. Qxg5 Bg7 14. f4 d6 15. Ne4 dxe5 16. fxe5 Qxe5 17. Qxe5 Bxe5 18. Nxc5 0-0 19. d3 b6 20. Ne4 Bb7 21. c3 b5 22. a3 Rac8 23. Bh6 Rf7 24. Ke2 Bxe4 25. dxe4 Rc4 26. Ke3 Bd6 27. Rae1 Rc8 28. Ref1 Rxf1 29. Rxf1 Bxh2 30. Rd1 Rc7 31. Rd8+ Kf7 32. Kf3 Ke7 33. Ra8 Rc6 34. g3 Bg1 35. Rh8 e5 36. Rxh7+ Ke6 37. Rg7 Kf6 38. g4 1-0

[Event "ZI-2014-0-01787"]
[Site "LSS email"]
[Date "2014.04.09"]
[Round "?"]
[White "Schalkwijk, Peter H"]
[Black "Hammerschmidt, Volker"]
[Result "1/2-1/2"]
[WhiteElo "1482"]
[BlackElo "1835"]
[PlyCount "69"]
[EventDate "2014.03.31"]
[EventType "match (corr)"]
[EventRounds "2"]
[EventCountry "GER"]
[SourceTitle "Telechess CBM 167"]
[Source "ChessBase"]
[SourceDate "2015.07.13"]
[SourceVersion "1"]
[SourceVersionDate "2015.07.13"]
[SourceQuality "1"]

1. d4 Nf6 2. c4 c6 3. Nc3 d5 4. Nf3 e6 5. e3 Nbd7 6. Qc2 Bd6 7. Bd3 0-0 8. 0-0 dxc4 9. Bxc4 a6 10. a4 Qc7 11. Ne4 Nxe4 12. Qxe4 e5 13. Bd3 f5 14. Qh4 e4 15. Bc4+ Kh8 16. Ng5 Nf6 17. f3 exf3 18. gxf3 c5 19. b3 h6 20. Kh1 Qe7 21. Nh3 b6 22. Bb2 Ra7 23. Rae1 b5 24. axb5 axb5 25. Bxb5 Nd5 26. Qxe7 Bxe7 27. dxc5 Bxc5 28. Nf4 Nxf4 29. exf4 Ba6 30. Bxa6 Rxa6 31. Rc1 Be3 32. Rc7 Rg6 33. Be5 Rd8 34. Rc3 Rd2 35. Rxe3 1/2-1/2

[Event "OP-2014-0-03369"]
[Site "LSS email"]
[Date "2014.04.05"]
[Round "?"]
[White "Heiser, Jerome"]
[Black "Schalkwijk, Peter H"]
[Result "0-1"]
[WhiteElo "659"]
[BlackElo "1530"]
[PlyCount "74"]
[EventDate "2014.04.01"]
[EventType "tourn (corr)"]
[EventRounds "4"]
[EventCountry "GER"]
[SourceTitle "Telechess CBM 167"]
[Source "ChessBase"]
[SourceDate "2015.07.13"]
[SourceVersion "1"]
[SourceVersionDate "2015.07.13"]
[SourceQuality "1"]

1. e4 c5 2. Nf3 Nf6 3. Nc3 Nc6 4. d4 d5 5. e5 Ne4 6. Bb5 Nxc3 7. bxc3 e6 8. 0-0 Be7 9. Bxc6+ bxc6 10. Re1 Rb8 11. Be3 Qa5 12. Qd2 cxd4 13. Nxd4 Qc7 14. Rab1 Rxb1 15. Rxb1 0-0 16. f4 Ba6 17. Qe1 Bc4 18. Nb3 Rb8 19. Qg3 a5 20. a4 c5 21. Nd2 Rxb1+ 22. Nxb1 Qd7 23. Nd2 Qxa4 24. Nxc4 Qxc4 25. f5 Qxc3 26. f6 Bf8 27. Qf2 a4 28. h4 a3 29. Qd2 Qxd2 30. Bxd2 d4 31. Bc1 c4 32. Kf1 c3 33. Bxa3 Bxa3 34. Ke2 gxf6 35. Kd3 fxe5 36. Ke4 f5+ 37. Kxe5 d3 0-1

[Event "OP-2014-0-03369"]
[Site "LSS email"]
[Date "2014.04.05"]
[Round "?"]
[White "Schalkwijk, Peter H"]
[Black "Villar, Jeremias"]
[Result "1-0"]
[WhiteElo "1530"]
[BlackElo "919"]
[PlyCount "37"]
[EventDate "2014.04.01"]
[EventType "tourn (corr)"]
[EventRounds "4"]
[EventCountry "GER"]
[SourceTitle "Telechess CBM 167"]
[Source "ChessBase"]
[SourceDate "2015.07.13"]
[SourceVersion "1"]
[SourceVersionDate "2015.07.13"]
[SourceQuality "1"]

1. e4 d6 2. d4 c6 3. c4 g6 4. Nc3 Bg7 5. Be3 Bd7 6. Bd3 e5 7. d5 Ne7 8. Qd2 0-0 9. Nge2 f5 10. f4 Qa5 11. fxe5 Bxe5 12. b4 Qxb4 13. Rb1 Qa5 14. Rxb7 f4 15. Bd4 f3 16. gxf3 Rxf3 17. c5 Bxd4 18. Nxd4 Qxc5 19. Nxf3 1-0

[Event "SD-2014-0-00191"]
[Site "LSS email"]
[Date "2014.04.02"]
[Round "?"]
[White "Potemri, Stefan"]
[Black "Schalkwijk, Peter H"]
[Result "0-1"]
[WhiteElo "1379"]
[BlackElo "1518"]
[PlyCount "92"]
[EventDate "2014.02.08"]
[EventType "tourn (corr)"]
[EventRounds "6"]
[EventCountry "GER"]
[SourceTitle "Corr 2015"]
[Source "ChessBase"]
[SourceDate "2015.07.17"]
[SourceVersion "1"]
[SourceVersionDate "2015.07.17"]
[SourceQuality "1"]

1. e4 c5 2. Nf3 Nf6 3. e5 Nd5 4. Nc3 Nxc3 5. dxc3 Nc6 6. Bc4 e6 7. 0-0 Be7 8. Re1 0-0 9. Bf4 b6 10. Qe2 Bb7 11. Bd3 Na5 12. Rad1 a6 13. h3 b5 14. Be4 Bxe4 15. Qxe4 Rb8 16. Rd3 Nc4 17. b3 Nb6 18. c4 Qc7 19. Bg5 Qd8 20. Qg4 Kh8 21. Bd2 Qe8 22. Ba5 bxc4 23. bxc4 Na4 24. Rb3 Kg8 25. Reb1 Ra8 26. Qe4 d5 27. cxd5 c4 28. Qxc4 Rc8 29. Qd4 exd5 30. Qxd5 Rxc2 31. Bb4 Rc8 32. Qd3 Bxb4 33. Rxb4 Nc5 34. Qe3 Ne6 35. Nh4 Rc2 36. Nf5 Rxa2 37. Qb3 Rd2 38. Qf3 Rd7 39. Qe2 a5 40. Rg4 Rc7 41. Qe3 Qd8 42. Qg3 f6 43. Qb3 Qe8 44. Qd5 h5 45. Rg3 Kh8 46. Re1 Rc5 0-1

[Event "SD-2014-0-00191"]
[Site "LSS email"]
[Date "2014.03.28"]
[Round "?"]
[White "Zabransky, Frantisek"]
[Black "Schalkwijk, Peter H"]
[Result "1-0"]
[WhiteElo "1625"]
[BlackElo "1518"]
[PlyCount "53"]
[EventDate "2014.02.08"]
[EventType "tourn (corr)"]
[EventRounds "6"]
[EventCountry "GER"]
[SourceTitle "Corr 2015"]
[Source "ChessBase"]
[SourceDate "2015.07.17"]
[SourceVersion "1"]
[SourceVersionDate "2015.07.17"]
[SourceQuality "1"]

1. e4 c5 2. Nf3 Nf6 3. e5 Nd5 4. Nc3 e6 5. Nxd5 exd5 6. d4 Nc6 7. dxc5 Bxc5 8. Qxd5 Qb6 9. Bc4 Bxf2+ 10. Ke2 0-0 11. Rf1 Bc5 12. Ng5 Nd4+ 13. Kd1 Ne6 14. Ne4 Be7 15. Nd6 f6 16. Nf5 Bd8 17. b3 fxe5 18. Bb2 d6 19. Ke2 Bg5 20. h4 Bf4 21. Rxf4 exf4 22. Nxg7 Qc5 23. Qe4 Qe3+ 24. Qxe3 fxe3 25. Nxe6 Rf2+ 26. Kxe3 Rxc2 27. Nc7+ 1-0

[Event "RD-2014-0-00101"]
[Site "LSS email"]
[Date "2014.03.27"]
[Round "?"]
[White "Zabransky, Frantisek"]
[Black "Schalkwijk, Peter H"]
[Result "1-0"]
[WhiteElo "1819"]
[BlackElo "1530"]
[PlyCount "55"]
[EventDate "2014.01.08"]
[EventType "tourn (corr)"]
[EventRounds "6"]
[EventCountry "GER"]
[SourceTitle "Telechess CBM 167"]
[Source "ChessBase"]
[SourceDate "2015.07.13"]
[SourceVersion "1"]
[SourceVersionDate "2015.07.13"]
[SourceQuality "1"]

1. e4 Nf6 2. e5 Nd5 3. d4 d6 4. c4 Nb6 5. f4 dxe5 6. fxe5 Bf5 7. Nc3 e6 8. Nf3 Be7 9. Bd3 Bg4 10. 0-0 Nc6 11. c5 Nd5 12. Be4 Qd7 13. Nxd5 exd5 14. Bc2 0-0-0 15. h3 Bh5 16. Qd2 Rdf8 17. b4 Nd8 18. Rb1 Ne6 19. b5 Qd8 20. Rb4 Kb8 21. Ra4 b6 22. Qc3 Qd7 23. Ba3 Rfg8 24. Qb3 g5 25. c6 Qd8 26. Ra6 Nf4 27. Bxe7 Qxe7 28. Rxa7 1-0